Cold War A-Z - Statistics

General Stats
  • This quiz has been taken 202 times
  • The average score is 15 of 26
Answer Stats
Hint Answer % Correct
C) This cuban dictator deposes ^^ in 1959. Castro
92%
E) This man is elected the 34th president if the USA. Eisenhower
84%
W) _____ pact, Soviet response to the NATO alliance. Warsaw
84%
L) St Petersburg, prior to 1991. Leningrad
75%
T) Island to where the chinese nationalists fled the Peoples Army of China. Taiwan
75%
X) Malcolm _ prominent member of the Nation of Islam. X
74%
I) '... An ___ _______ has descended on europe' famous quote from Winston Churchill. Iron Curtain
73%
M) Name of the massive US investment to rebuild Europe after WW2. Marshall plan
71%
A) Berlin ________, American led action to relieve Berlin following Soviet land blockade. Airlift
68%
H) Matyas Rakosi becomes prime minister of this country in 1952. Hungary
68%
Y) ____ Gagarin, the first human in space. Yuri
65%
O) 'Father of the atomic bomb' Oppenheimer
62%
G) Gorbachev announces this policy of openess and transparency. Glasnost
59%
K) This man succeeds Stalin as Secretary General of the Soviet Union. Khrushchev
59%
R) Hysteria in the US over the percieved tbreat by communism ___ _____. Red scare
54%
Q) This dynasty collapses in China leading to the civil war in which the communists prevail. Qing
53%
S) The fall of/liberation of _______, by the Peoples Army of Vietnam in 1975 marks the end of the vietnam war. Saigon
53%
B) This cuban dictator wins an uncontested election in 1954. Batista
50%
D) Nixons attempted to reduce tensions with the comminist world. Détente
50%
U) An international diplomatic crisis erupts when this spy plane is shot down over Soviet territory. U-2
50%
P) ______ ______ period of Czechoslovakian liberalisation, soon crushed by the USSR and her allies. Prague Spring
47%
F) _________ revolution, revolution that preceeded the October revolution by the Bolsheviks. February
46%
N) Egyptian president who nationalised the Suez Canal. Nasser
38%
V) _________ revolution, peaceful protests that lead to the overthrow of the communist government in Czechoslovakia. Velvet
31%
Z) Commander in chief of Soviet forces in WW2. Zhukov
26%
J) Carlos the ______, marxist/Leninist terrorist of the 70s and 80s. Jackal
17%
No matching quizzes found
Score Distribution
Percent of People with Each Score
Percentile by Number Answered
Your Score History
You have not taken this quiz